Simpsons themed Anagrams - Statistics

General Stats
  • This quiz has been taken 18 times
  • The average score is 11 of 15
Answer Stats
Hint Answer % Correct
uap Apu
100%
tbar Bart
94%
hdo Doh
94%
naatss ttllie heprel Santa's little helper
83%
howooo Woohoo
83%
end ladnesr Ned Flanders
78%
erit rfie Tire fire
78%
learees teh dounhs Release the hounds
72%
gamegi Maggie
67%
mnopisss Simpsons
67%
plahr Ralph
61%
fespngriidl Springfield
56%
jvlooey Lovejoy
44%
swoe vatner Moe's tavern
44%
pxasoenoh Saxophone
44%
No matching quizzes found
Score Distribution
Percent of People with Each Score
Percentile by Number Answered
Your Score History
You have not taken this quiz